Safeware : system safety and computers /

Guardado en:
Autor Principal: Leveson, Nancy.
Formato: Libro
Idioma:English
Publicado: Reading, Mass. : Addison-Wesley, c1995.
Materias:
Etiquetas: Agregar Etiqueta
Sin Etiquetas, Sea el primero en etiquetar este registro!
LEADER 00906pam a22002415a 4500
001 EIQ.libpla001533
008 940609s1995####maua#####b####001#0#eng#d
005 20061102184823.0
245 1 0 |a Safeware :  |b system safety and computers /  |c Nancy G. Leveson. 
260 |a Reading, Mass. :  |b Addison-Wesley,  |c c1995. 
300 |a xvii, 680 p. :  |b il. ;  |c 25 cm. 
500 |a "A guide to preventing accidents and losses caused by technology"--Cubierta. 
504 |a Incluye referencias bibliográficas (p. 649-668) e índice. 
020 |a 0201119722 
100 1 |a Leveson, Nancy. 
082 0 0 |a 629.8/9/0289  |2 20 
650 4 |a Software  |x Confiabilidad. 
650 0 |a Computer software  |x Reliability. 
650 0 |a Electronic digital computers  |x Reliability. 
650 4 |a Computadores digitales  |x Confiabilidad. 
010 |a  94019779  
040 |a DLC  |c DLC  |d AR-BbSID 
859 |a AR-BbSID  |b BIB. PLAPIQUI  |h 629.89  |i L 57  |p 4859